[Event "45. Open de Mislata 2011 - Grupo C"]
[Site "Mislata ESP"]
[Date "2011.08.17"]
[Round "4.1"]
[White "Romero Calduch, Sergio"]
[Black "Lopez Diaz, Rafael"]
[Result "1-0"]
[WhiteElo "1870"]
[BlackElo "1806"]
[PlyCount "82"]
[EventDate "2011.08.15"]
[EventType "swiss"]
[EventRounds "9"]
[EventCountry "ESP"]
[Source "lmi"]
[SourceDate "2011.08.15"]

1. d4 Nf6 2. c4 c5 3. d5 e6 4. Nc3 exd5 5. cxd5 d6 6. Nf3 g6 7. h3 Bg7 8. Bf4
O-O 9. e3 a6 10. a4 Nh5 11. Bh2 f5 12. Be2 Qe7 13. Nd2 Nf6 14. Nc4 Rd8 15. a5
Ne4 16. Nxe4 fxe4 17. Qb3 b5 18. axb6 Bb7 19. Na5 Kh8 20. O-O Be5 21. Bxe5+
dxe5 22. Rfd1 Rd6 23. Rac1 Nd7 24. Nxb7 Rxb6 25. d6 Qf6 26. Qd5 Rxb2 27. Rd2
Nb6 28. Rxb2 Nxd5 29. Rxc5 Rf8 30. Bc4 Nb4 31. Rxb4 Qxf2+ 32. Kh2 Qxe3 33. d7
Kg7 34. Rc8 Rf2 35. d8=Q Qf4+ 36. Kh1 Rf1+ 37. Bxf1 Qxf1+ 38. Kh2 Qf4+ 39. Kg1
Qe3+ 40. Kf1 Qf4+ 41. Ke2 Qg3 1-0

[Event "45. Open de Mislata 2011 - Grupo C"]
[Site "Mislata ESP"]
[Date "2011.08.17"]
[Round "4.4"]
[White "Joubert, Leo"]
[Black "Buenafe Moya, Jesus"]
[Result "0-1"]
[WhiteElo "1764"]
[BlackElo "1874"]
[PlyCount "74"]
[EventDate "2011.08.15"]
[EventType "swiss"]
[EventRounds "9"]
[EventCountry "ESP"]
[Source "lmi"]
[SourceDate "2011.08.15"]

1. e4 g6 2. d4 Bg7 3. Be3 d5 4. exd5 Qxd5 5. Nc3 Qa5 6. Bc4 Nh6 7. Qd2 Nf5 8.
O-O-O c6 9. Nf3 O-O 10. Bf4 Nd7 11. h4 h5 12. Rdg1 Nxd4 13. Nxd4 e5 14. Ne6
fxe6 15. Bxe6+ Kh7 16. Be3 Nc5 17. Bxc8 Raxc8 18. Bxc5 Qxc5 19. Ne4 Qc4 20.
Ng5+ Kg8 21. b3 Qd4 22. Qxd4 exd4 23. Nf3 c5 24. Kd2 c4 25. Re1 Bh6+ 26. Kd1
Rc7 27. Re6 cxb3 28. axb3 d3 29. Rxg6+ Kh7 30. Rxh6+ Kxh6 31. cxd3 Rg7 32. Ke2
Rxg2 33. Rg1 Rxg1 34. Nxg1 Rf4 35. Nf3 Rb4 36. d4 Rxb3 37. d5 Rb5 0-1

[Event "45. Open de Mislata 2011 - Grupo C"]
[Site "Mislata ESP"]
[Date "2011.08.17"]
[Round "4.5"]
[White "Soler Ollero, Guillermo"]
[Black "Morenilla Rocher, Fernando"]
[Result "1/2-1/2"]
[WhiteElo "1753"]
[BlackElo "1867"]
[PlyCount "92"]
[EventDate "2011.08.15"]
[EventType "swiss"]
[EventRounds "9"]
[EventCountry "ESP"]
[Source "lmi"]
[SourceDate "2011.08.15"]

1. Nf3 d6 2. g3 c6 3. c4 Bg4 4. Bg2 g6 5. Nc3 Bg7 6. O-O e5 7. d3 Qd7 8. Rb1 h5
9. b4 Nf6 10. b5 a6 11. bxc6 Nxc6 12. Nh4 Rb8 13. Qa4 O-O 14. Ba3 Rfc8 15. Rb6
d5 16. cxd5 Nd4 17. Qb4 Nxe2+ 18. Nxe2 Bxe2 19. Re1 Bxd3 20. Rxe5 Re8 21. Bb2
Rxe5 22. Bxe5 Nxd5 23. Bxd5 Bxe5 24. Rxb7 Rxb7 25. Qxb7 Qxb7 26. Bxb7 Kf8 27.
Nf3 Bc3 28. Ng5 Ke7 29. Bd5 f6 30. Nh3 Bd2 31. f3 Kd6 32. Bb3 Kc5 33. Nf2 Be3
34. Kg2 Bxf2 35. Kxf2 Bc4 36. Bc2 Bxa2 37. Bxg6 Kd4 38. Bxh5 a5 39. Be8 Bb3 40.
f4 a4 41. Bxa4 Bxa4 42. Kf3 Bd1+ 43. Kf2 Ke4 44. Ke1 Bg4 45. Kf2 Bh3 46. Ke2
Kf5 1/2-1/2

[Event "45. Open de Mislata 2011 - Grupo C"]
[Site "Mislata ESP"]
[Date "2011.08.17"]
[Round "4.6"]
[White "Marques Montolio, Luis"]
[Black "Lopez Benavent, Luis Vicente"]
[Result "0-1"]
[WhiteElo "1727"]
[BlackElo "1858"]
[PlyCount "98"]
[EventDate "2011.08.15"]
[EventType "swiss"]
[EventRounds "9"]
[EventCountry "ESP"]
[Source "lmi"]
[SourceDate "2011.08.15"]

1. e4 e6 2. d4 d5 3. exd5 exd5 4. Bd3 Bd6 5. Nf3 Ne7 6. O-O Bg4 7. Bg5 f6 8.
Bh4 O-O 9. Nbd2 Nd7 10. Re1 Re8 11. c3 Nf8 12. Qc2 Neg6 13. Bg3 Bxg3 14. fxg3
Qd6 15. c4 c6 16. c5 Qc7 17. b4 a6 18. a4 Bd7 19. Kf2 b5 20. axb5 axb5 21. Nb3
Kf7 22. Rxa8 Rxa8 23. Na5 Re8 24. Qd2 Rxe1 25. Qxe1 Qd8 26. Nb7 Qa8 27. Nd6+
Kg8 28. h4 Qa2+ 29. Kg1 h5 30. Nh2 Qb2 31. Nf3 Qb3 32. Qb1 Qxb1+ 33. Bxb1 Ne7
34. Kf2 g6 35. Ke3 Kg7 36. Kd3 Nf5 37. Ke2 Nxg3+ 38. Kf2 Nf5 39. Nxf5+ Bxf5 40.
Bxf5 gxf5 41. Ke3 Ne6 42. g3 Kg6 43. Ne1 f4+ 44. gxf4 Kf5 45. Nf3 Nxf4 46. Kf2
Nd3+ 47. Kg3 Nxb4 48. Nd2 Nc2 49. Nb3 Ke4 0-1

[Event "45. Open de Mislata 2011 - Grupo C"]
[Site "Mislata ESP"]
[Date "2011.08.17"]
[Round "4.7"]
[White "Maseda Iglesias, Luis"]
[Black "Garcia Requena, Joan"]
[Result "1/2-1/2"]
[WhiteElo "1851"]
[BlackElo "1741"]
[PlyCount "92"]
[EventDate "2011.08.15"]
[EventType "swiss"]
[EventRounds "9"]
[EventCountry "ESP"]
[Source "lmi"]
[SourceDate "2011.08.15"]

1. d4 Nf6 2. Nf3 c5 3. e3 cxd4 4. exd4 d6 5. Be2 g6 6. O-O Bg7 7. h3 O-O 8. Bg5
Qb6 9. Qc1 Nc6 10. c3 Re8 11. Nbd2 Bf5 12. Be3 Qc7 13. Re1 a6 14. a4 Na7 15. c4
Rac8 16. d5 Qd8 17. a5 Nxd5 18. Bd4 Nf4 19. Bf1 Bxd4 20. Nxd4 Bd3 21. g3 Bxf1
22. Rxf1 Nxh3+ 23. Kg2 Ng5 24. Rh1 e5 25. N4f3 Nxf3 26. Nxf3 f6 27. Qh6 Qe7 28.
Nd2 Nc6 29. Ne4 Rc7 30. Nc3 Qg7 31. Qh3 Nd4 32. Nd5 Rf7 33. Nb6 Rd8 34. Nd5 Nf5
35. Rad1 Nd4 36. Ra1 h5 37. Ra3 Re8 38. Rd3 Qh6 39. g4 Qg5 40. f3 Ne2 41. Kf2
Nf4 42. Nxf4 exf4 43. gxh5 gxh5 44. Rg1 Re2+ 45. Kxe2 Qxg1 46. Kd2 Qf2+ 1/2-1/2

[Event "45. Open de Mislata 2011 - Grupo C"]
[Site "Mislata ESP"]
[Date "2011.08.17"]
[Round "4.9"]
[White "Morant Gomar, Sergio"]
[Black "Folch Fuentes, Eva"]
[Result "1/2-1/2"]
[WhiteElo "1837"]
[BlackElo "1632"]
[PlyCount "142"]
[EventDate "2011.08.15"]
[EventType "swiss"]
[EventRounds "9"]
[EventCountry "ESP"]
[Source "lmi"]
[SourceDate "2011.08.15"]

1. e4 e5 2. Nf3 Nc6 3. Bb5 a6 4. Bxc6 dxc6 5. O-O Bg4 6. h3 Bxf3 7. Qxf3 Qf6 8.
d3 Qxf3 9. gxf3 Bd6 10. Nd2 Ne7 11. Nc4 O-O 12. f4 exf4 13. Nxd6 cxd6 14. Bxf4
Rad8 15. Rae1 Ng6 16. Bg3 f5 17. f4 Rde8 18. Kg2 Rf7 19. Kf3 fxe4+ 20. Rxe4
Ref8 21. Ke3 d5 22. Re6 Ne7 23. Bh2 Nf5+ 24. Kd2 Nd4 25. Re5 Rf5 26. Rxf5 Rxf5
27. c3 Ne6 28. h4 Nf8 29. Ke3 Ng6 30. Bg3 Kf7 31. Kd4 Ke7 32. Re1+ Kd7 33. Kc5
Nxf4 34. Re3 Ne6+ 35. Kb6 Nd8 36. Bc7 Rf2 37. b4 Ne6 38. Rg3 g6 39. Be5 Rf5 40.
Re3 g5 41. hxg5 Nxg5 42. Kxb7 h5 43. Kxa6 h4 44. a4 h3 45. Re2 Nf3 46. Rf2 Rxe5
47. Rxf3 Rh5 48. Rf1 h2 49. Rh1 Kc7 50. b5 cxb5 51. axb5 Kb8 52. c4 d4 53. Kb6
Rh6+ 54. Kc5 Rh4 55. Kd5 Kc7 56. c5 Kb7 57. Kd6 Rh6+ 58. Kd5 Rh4 59. Kc4 Kc7
60. Kb4 Rh3 61. Ka5 Rh5 62. Kb4 Rh3 63. Kc4 Rh4 64. Kd5 Kd7 65. b6 Rh5+ 66.
Kxd4 Kc6 67. Kc4 Rxc5+ 68. Kd4 Rh5 69. Ke4 Kxb6 70. Kf3 Kc5 71. Kg2 Kd4 1/2-1/2

[Event "45. Open de Mislata 2011 - Grupo C"]
[Site "Mislata ESP"]
[Date "2011.08.17"]
[Round "4.10"]
[White "Navarro Gomez, Gabriel"]
[Black "Fernandez Lara, Vicente"]
[Result "1/2-1/2"]
[WhiteElo "1790"]
[BlackElo "1605"]
[PlyCount "39"]
[EventDate "2011.08.15"]
[EventType "swiss"]
[EventRounds "9"]
[EventCountry "ESP"]
[Source "lmi"]
[SourceDate "2011.08.15"]

1. d4 e6 2. Nf3 d5 3. c4 Be7 4. Nc3 dxc4 5. e4 Nf6 6. Bxc4 c6 7. O-O O-O 8. Bg5
Nbd7 9. e5 Nd5 10. Bxe7 Qxe7 11. Ne4 b5 12. Bb3 a5 13. a4 Ba6 14. Re1 Rfc8 15.
Bc2 Nf8 16. Rc1 b4 17. h4 f5 18. exf6 Nxf6 19. Bb1 Nxe4 20. Bxe4 1/2-1/2

[Event "45. Open de Mislata 2011 - Grupo C"]
[Site "Mislata ESP"]
[Date "2011.08.18"]
[Round "5.1"]
[White "Santamaria Peris, Juan Jose"]
[Black "Romero Calduch, Sergio"]
[Result "0-1"]
[WhiteElo "1840"]
[BlackElo "1870"]
[PlyCount "72"]
[EventDate "2011.08.15"]
[EventType "swiss"]
[EventRounds "9"]
[EventCountry "ESP"]
[Source "lmi"]
[SourceDate "2011.08.15"]

1. e4 e6 2. d3 d5 3. Nd2 Nf6 4. Ngf3 c5 5. g3 Nc6 6. Bg2 Be7 7. O-O O-O 8. Re1
Re8 9. Nf1 dxe4 10. dxe4 Qxd1 11. Rxd1 Nxe4 12. Be3 Nb4 13. Ne1 Nf6 14. c4 Ng4
15. Bc1 Ne5 16. a3 Nbc6 17. Ne3 Nd4 18. Bd2 Bd7 19. b4 Bc6 20. Bxc6 bxc6 21.
Kg2 Red8 22. Rab1 Rab8 23. f4 Ng6 24. Bc3 Ne2 25. Rxd8+ Rxd8 26. Ba1 Rd2 27.
Kf1 Nd4 28. Bxd4 cxd4 29. Ng4 h5 30. Nf3 Ra2 31. Nge5 Nxe5 32. Nxe5 c5 33. Nc6
Bf8 34. bxc5 Bxc5 35. Rd1 Rxh2 36. Ne5 Rh1+ 0-1

[Event "45. Open de Mislata 2011 - Grupo C"]
[Site "Mislata ESP"]
[Date "2011.08.18"]
[Round "5.4"]
[White "Medialdea Fernandez, Hernando"]
[Black "Birnoveanu, Petru"]
[Result "1-0"]
[WhiteElo "1887"]
[BlackElo "1745"]
[PlyCount "105"]
[EventDate "2011.08.15"]
[EventType "swiss"]
[EventRounds "9"]
[EventCountry "ESP"]
[Source "lmi"]
[SourceDate "2011.08.15"]

1. d4 d5 2. Nf3 h6 3. e3 Bf5 4. Bd3 Bxd3 5. Qxd3 c6 6. Nc3 Nf6 7. O-O e6 8. e4
dxe4 9. Nxe4 Nbd7 10. c4 Nxe4 11. Qxe4 Nf6 12. Qe2 Be7 13. Bd2 O-O 14. Bc3 Nh7
15. Rad1 Bf6 16. Rfe1 Re8 17. Ne5 Bxe5 18. Qxe5 Qg5 19. Qe2 h5 20. Rd3 Qg4 21.
Qe5 f6 22. Qc7 Qg6 23. Rde3 Qf7 24. Qg3 Nf8 25. f4 Rac8 26. Qf3 Ng6 27. g3 Nf8
28. Qe2 Qg6 29. d5 cxd5 30. cxd5 f5 31. dxe6 Rc6 32. e7 Nd7 33. Qb5 Nc5 34. Re5
a6 35. Qc4+ Qf7 36. Qxf7+ Kxf7 37. Rxf5+ Kg8 38. Rxh5 Kf7 39. Rf5+ Kg8 40. Rg5
g6 41. f5 Na4 42. Rxg6+ Rxg6 43. fxg6 Nxc3 44. bxc3 Kg7 45. Re6 b5 46. h4 Kh6
47. g4 a5 48. Kg2 b4 49. cxb4 axb4 50. Kf3 Kg7 51. g5 b3 52. axb3 Rxe7 53.
Rxe7+ 1-0

[Event "45. Open de Mislata 2011 - Grupo C"]
[Site "Mislata ESP"]
[Date "2011.08.18"]
[Round "5.5"]
[White "Morenilla Rocher, Fernando"]
[Black "Pons Botella, Jose Antonio"]
[Result "1-0"]
[WhiteElo "1867"]
[BlackElo "1721"]
[PlyCount "61"]
[EventDate "2011.08.15"]
[EventType "swiss"]
[EventRounds "9"]
[EventCountry "ESP"]
[Source "lmi"]
[SourceDate "2011.08.15"]

1. e4 e5 2. Nf3 Nf6 3. Bc4 Nxe4 4. d3 Nd6 5. Nxe5 Nxc4 6. Nxc4 Qe7+ 7. Ne3 g6
8. O-O Bg7 9. Nd5 Qd6 10. Re1+ Kd8 11. Qf3 Re8 12. Rxe8+ Kxe8 13. Bf4 Be5 14.
Bxe5 Qxe5 15. Nbc3 f5 16. Kf1 Kf8 17. Re1 Qxh2 18. Qe3 Nc6 19. b4 a6 20. a4 b5
21. Nxb5 axb5 22. axb5 Qh1+ 23. Ke2 Qxg2 24. Qc5+ Kg7 25. bxc6 Qg5 26. f4 Qh4
27. cxd7 Bb7 28. Qxc7 Kh6 29. Qxb7 Ra2 30. d8=Q Qxd8 31. Rh1+ 1-0

[Event "45. Open de Mislata 2011 - Grupo C"]
[Site "Mislata ESP"]
[Date "2011.08.18"]
[Round "5.6"]
[White "Vera Juan, Andreu"]
[Black "Maseda Iglesias, Luis"]
[Result "1-0"]
[WhiteElo "1683"]
[BlackElo "1851"]
[PlyCount "67"]
[EventDate "2011.08.15"]
[EventType "swiss"]
[EventRounds "9"]
[EventCountry "ESP"]
[Source "lmi"]
[SourceDate "2011.08.15"]

1. e4 e6 2. d4 d5 3. exd5 exd5 4. Nf3 Bg4 5. Be3 Bd6 6. Bd3 Nc6 7. c3 Nge7 8.
Nbd2 f6 9. Qc2 g6 10. h3 Bf5 11. O-O-O Qd7 12. Nb3 b6 13. Rde1 O-O 14. g4 Bxd3
15. Qxd3 Nd8 16. Reg1 Ne6 17. h4 c5 18. Nbd2 Nf4 19. Bxf4 Bxf4 20. g5 f5 21.
Ne5 Qc7 22. Nef3 Rad8 23. h5 Kg7 24. hxg6 hxg6 25. Rh4 Rh8 26. Rgh1 Rxh4 27.
Rxh4 Rh8 28. Rxh8 Kxh8 29. Qe2 cxd4 30. Nxd4 Bxg5 31. Ne6 Bxd2+ 32. Qxd2 Qe5
33. Qh6+ Kg8 34. Qf8+ 1-0

[Event "45. Open de Mislata 2011 - Grupo C"]
[Site "Mislata ESP"]
[Date "2011.08.18"]
[Round "5.7"]
[White "Garcia Requena, Joan"]
[Black "Gomez Manzano, Francisco Carlos"]
[Result "1/2-1/2"]
[WhiteElo "1741"]
[BlackElo "1849"]
[PlyCount "57"]
[EventDate "2011.08.15"]
[EventType "swiss"]
[EventRounds "9"]
[EventCountry "ESP"]
[Source "lmi"]
[SourceDate "2011.08.15"]

1. c4 c5 2. d3 g6 3. g3 Bg7 4. Bg2 Nc6 5. Nf3 d6 6. Nc3 Bd7 7. Rb1 Rb8 8. Bd2
Nf6 9. a3 a5 10. O-O O-O 11. Re1 Qc8 12. Qc1 Ng4 13. h3 Nge5 14. Nxe5 Nxe5 15.
Kh2 Nc6 16. Bh6 Nd4 17. Bxg7 Kxg7 18. b4 axb4 19. axb4 b6 20. b5 h6 21. e3 Ne6
22. Nd5 Qd8 23. Ra1 Ng5 24. h4 Nh7 25. Qb2+ e5 26. Ra7 Be6 27. Rea1 Nf6 28.
Nxf6 Qxf6 29. Ra8 1/2-1/2

[Event "45. Open de Mislata 2011 - Grupo C"]
[Site "Mislata ESP"]
[Date "2011.08.18"]
[Round "5.8"]
[White "Manez, Alino Salvador"]
[Black "Guillem Mora, Carlos"]
[Result "0-1"]
[WhiteElo "1844"]
[BlackElo "1670"]
[PlyCount "48"]
[EventDate "2011.08.15"]
[EventType "swiss"]
[EventRounds "9"]
[EventCountry "ESP"]
[Source "lmi"]
[SourceDate "2011.08.15"]

1. e4 c5 2. Nf3 Nc6 3. d4 cxd4 4. Nxd4 g6 5. Bc4 Bg7 6. Be3 Nf6 7. Nc3 O-O 8.
f3 Qb6 9. Bb3 Nxe4 10. fxe4 Bxd4 11. Bxd4 Nxd4 12. Nd5 Qc5 13. Nxe7+ Kg7 14.
Nd5 Re8 15. Nc3 b5 16. Bd5 Rb8 17. Rc1 Bb7 18. Bxb7 Rxb7 19. Qd3 Rb6 20. Kd2
Rd6 21. Nd5 f5 22. Qc3 Qxc3+ 23. Nxc3 b4 24. Ne2 Rxe4 0-1

[Event "45. Open de Mislata 2011 - Grupo C"]
[Site "Mislata ESP"]
[Date "2011.08.18"]
[Round "5.9"]
[White "Candano Gonzalez, Alvaro"]
[Black "Morant Gomar, Sergio"]
[Result "1-0"]
[WhiteElo "1613"]
[BlackElo "1837"]
[PlyCount "76"]
[EventDate "2011.08.15"]
[EventType "swiss"]
[EventRounds "9"]
[EventCountry "ESP"]
[Source "lmi"]
[SourceDate "2011.08.15"]

1. e4 c5 2. d4 cxd4 3. c3 dxc3 4. Nxc3 Nc6 5. Nf3 d6 6. Bc4 e6 7. O-O Nf6 8. e5
dxe5 9. Qxd8+ Kxd8 10. Ng5 Ke8 11. Nb5 Rb8 12. Rd1 Bd7 13. Nc7+ Ke7 14. Be3 b6
15. Rac1 h6 16. Nf3 g5 17. Bb5 Nd4 18. Nxd4 exd4 19. Bxd4 Bxb5 20. Nxb5 Rb7 21.
Be5 Bg7 22. Bd6+ Ke8 23. Nc7+ Rxc7 24. Rxc7 Nd5 25. Rxa7 Bxb2 26. Rb1 Bd4 27.
Rc1 Bc5 28. Bxc5 Rh7 29. Rb1 e5 30. Bxb6 Kf8 31. Bc7 Nxc7 32. Rxc7 Kg7 33. Rbb7
Kg6 34. a4 Rh8 35. a5 Ra8 36. Rb6+ f6 37. a6 Rd8 38. g3 h5 1-0

[Event "45. Open de Mislata 2011 - Grupo C"]
[Site "Mislata ESP"]
[Date "2011.08.18"]
[Round "5.10"]
[White "Lopez Diaz, Rafael"]
[Black "Del Rosario Hervas, Enrique Mar"]
[Result "1-0"]
[WhiteElo "1806"]
[BlackElo "1604"]
[PlyCount "135"]
[EventDate "2011.08.15"]
[EventType "swiss"]
[EventRounds "9"]
[EventCountry "ESP"]
[Source "lmi"]
[SourceDate "2011.08.15"]

1. f4 d5 2. Nf3 Nf6 3. g3 Nc6 4. Bg2 e6 5. O-O Bc5+ 6. d4 Bb6 7. e3 O-O 8. Nbd2
Ne7 9. Ne5 c5 10. c3 a6 11. g4 Nd7 12. Nef3 Ng6 13. Qe1 Ba7 14. h4 b5 15. h5
Ne7 16. Nh4 Rb8 17. Ndf3 Nf6 18. Ne5 Nd7 19. Nef3 a5 20. Ng5 Nf6 21. Qg3 h6 22.
Nh3 Bb7 23. Bf3 Ne4 24. Bxe4 dxe4 25. f5 exf5 26. Nxf5 Nxf5 27. Rxf5 Bc8 28.
Rf4 Qd5 29. Bd2 Ra8 30. Qg2 Qe6 31. Qxe4 Qxe4 32. Rxe4 f5 33. gxf5 Bxf5 34. Rh4
Rae8 35. Rf1 cxd4 36. cxd4 b4 37. Nf4 Re4 38. Ng2 Rxh4 39. Nxh4 Bg4 40. Rxf8+
Kxf8 41. Ng6+ Ke8 42. Nf4 Bb8 43. a3 bxa3 44. bxa3 a4 45. Nd3 Bxh5 46. Nb2 Bd6
47. Nxa4 Bxa3 48. Kf2 Kd7 49. Nb6+ Kc6 50. Nc4 Be7 51. e4 Bh4+ 52. Kg2 Be2 53.
Ne3 Be7 54. Kf2 Bd3 55. e5 Be4 56. Nd1 Kd5 57. Be3 Kc4 58. Ke2 g5 59. Nb2+ Kb3
60. Nd3 Bxd3+ 61. Kxd3 h5 62. d5 h4 63. d6 Bd8 64. e6 h3 65. Bg1 Bb6 66. Bh2 g4
67. e7 Bf2 68. e8=Q 1-0

[Event "45. Open de Mislata 2011 - Grupo C"]
[Site "Mislata ESP"]
[Date "2011.08.18"]
[Round "6.2"]
[White "Navarro Gomez, Gabriel"]
[Black "Medialdea Fernandez, Hernando"]
[Result "1/2-1/2"]
[WhiteElo "1790"]
[BlackElo "1887"]
[PlyCount "59"]
[EventDate "2011.08.15"]
[EventType "swiss"]
[EventRounds "9"]
[EventCountry "ESP"]
[Source "lmi"]
[SourceDate "2011.08.15"]

1. d4 Nf6 2. Nf3 e6 3. Bg5 d5 4. e3 Be7 5. Bxf6 Bxf6 6. Bd3 Nd7 7. c3 O-O 8. h4
g6 9. Nbd2 e5 10. dxe5 Nxe5 11. Nxe5 Bxe5 12. Qc2 c5 13. O-O-O Qe7 14. h5 Be6
15. hxg6 fxg6 16. f4 Bg7 17. g4 Bxg4 18. Rdg1 Bf5 19. Bxf5 Rxf5 20. Rh3 Re8 21.
Nf1 d4 22. Rgh1 dxe3 23. Rxe3 Qf7 24. Qh2 Rh5 25. Rxe8+ Qxe8 26. Qg2 Rxh1 27.
Qxh1 Qe1+ 28. Kc2 Qf2+ 29. Nd2 Bh6 30. Qd5+ 1/2-1/2

[Event "45. Open de Mislata 2011 - Grupo C"]
[Site "Mislata ESP"]
[Date "2011.08.18"]
[Round "6.3"]
[White "Buenafe Moya, Jesus"]
[Black "Vera Juan, Andreu"]
[Result "1/2-1/2"]
[WhiteElo "1874"]
[BlackElo "1683"]
[PlyCount "52"]
[EventDate "2011.08.15"]
[EventType "swiss"]
[EventRounds "9"]
[EventCountry "ESP"]
[Source "lmi"]
[SourceDate "2011.08.15"]

1. Nf3 c5 2. c4 Nc6 3. g3 e6 4. Bg2 g6 5. Nc3 Bg7 6. O-O Nge7 7. e3 O-O 8. d4
cxd4 9. exd4 d5 10. cxd5 Nxd5 11. Nxd5 Qxd5 12. Ne5 Qxd4 13. Nxc6 bxc6 14. Bxc6
Rb8 15. Be3 Qxd1 16. Rfxd1 Rxb2 17. Bxa7 Bb7 18. Bxb7 Rxb7 19. Bd4 Bxd4 20.
Rxd4 Rb2 21. a4 Ra8 22. a5 Ra6 23. Kg2 Rb5 24. Rda4 Rc5 25. Kf3 Rd5 26. Ke3 h5
1/2-1/2

[Event "45. Open de Mislata 2011 - Grupo C"]
[Site "Mislata ESP"]
[Date "2011.08.18"]
[Round "6.4"]
[White "Guillem Mora, Carlos"]
[Black "Morenilla Rocher, Fernando"]
[Result "1-0"]
[WhiteElo "1670"]
[BlackElo "1867"]
[PlyCount "71"]
[EventDate "2011.08.15"]
[EventType "swiss"]
[EventRounds "9"]
[EventCountry "ESP"]
[Source "lmi"]
[SourceDate "2011.08.15"]

1. d4 d6 2. Bf4 g6 3. Nc3 Bg7 4. Qd2 h5 5. e4 c6 6. Bc4 Qc7 7. Nf3 Bg4 8. Ng5
Nh6 9. h3 Bc8 10. Nf3 Nd7 11. e5 dxe5 12. dxe5 e6 13. Ne4 Nf5 14. O-O-O b5 15.
Be2 Bf8 16. Nf6+ Nxf6 17. exf6 Qb6 18. Ne5 Bh6 19. Bxh6 Nxh6 20. Qd6 Nf5 21.
Qd2 Qc7 22. g4 Nh6 23. gxh5 Ba6 24. hxg6 fxg6 25. Nxg6 Rh7 26. Bh5 Nf5 27. Nf4+
Rxh5 28. Nxh5 Qf7 29. Ng7+ Nxg7 30. fxg7 Qxg7 31. Rhg1 Qf7 32. Qg5 Rc8 33. Qg8+
Qxg8 34. Rxg8+ Kf7 35. Rxc8 Bxc8 36. Rd8 1-0

[Event "45. Open de Mislata 2011 - Grupo C"]
[Site "Mislata ESP"]
[Date "2011.08.18"]
[Round "6.6"]
[White "Fuset Torralba, Jose Luis"]
[Black "Candano Gonzalez, Alvaro"]
[Result "1-0"]
[WhiteElo "1823"]
[BlackElo "1613"]
[PlyCount "50"]
[EventDate "2011.08.15"]
[EventType "swiss"]
[EventRounds "9"]
[EventCountry "ESP"]
[Source "lmi"]
[SourceDate "2011.08.15"]

1. c4 e5 2. g3 Nf6 3. Bg2 Bc5 4. e3 Nc6 5. Nc3 a6 6. Nge2 d6 7. Qb3 Na5 8. Qa4+
c6 9. b4 b5 10. Qxa5 Qxa5 11. bxa5 Bd7 12. cxb5 axb5 13. Nxb5 Rxa5 14. Nbc3 d5
15. Rb1 O-O 16. d4 Bd6 17. O-O Bf5 18. Rb6 Rc8 19. Bd2 Bd3 20. Nc1 Bxf1 21.
Bxf1 Ra7 22. Bh3 Rcc7 23. Rb8+ Bf8 24. dxe5 Nd7 25. Bxd7 Rxd7 1-0

[Event "45. Open de Mislata 2011 - Grupo C"]
[Site "Mislata ESP"]
[Date "2011.08.18"]
[Round "6.7"]
[White "Soler Ollero, Guillermo"]
[Black "Lopez Diaz, Rafael"]
[Result "0-1"]
[WhiteElo "1753"]
[BlackElo "1806"]
[PlyCount "76"]
[EventDate "2011.08.15"]
[EventType "swiss"]
[EventRounds "9"]
[EventCountry "ESP"]
[Source "lmi"]
[SourceDate "2011.08.15"]

1. d4 Nf6 2. Bg5 d5 3. Bxf6 gxf6 4. e3 Bg7 5. Ne2 c5 6. dxc5 Qa5+ 7. c3 Qxc5 8.
g3 O-O 9. Bg2 Rd8 10. Nf4 Nc6 11. Nd2 Bf5 12. O-O e6 13. Nb3 Qb6 14. Qe2 a5 15.
Rfd1 Ne5 16. h3 h6 17. Nd4 Bh7 18. Qb5 Qc7 19. Ndxe6 fxe6 20. Nxe6 Qd7 21. Qxd7
Rxd7 22. Bxd5 Kh8 23. Nc5 Rc7 24. Nxb7 Rb8 25. Nxa5 Rxb2 26. Be6 Be4 27. Nb3
Rxc3 28. Nd4 Nd3 29. f3 Bh7 30. Nf5 Bg8 31. Nxg7 Kxg7 32. Bf5 Bc4 33. a4 Ba6
34. a5 Ne5 35. Be4 Rxe3 36. Rd6 Bc4 37. a6 Rxe4 38. fxe4 Nf3+ 0-1

[Event "45. Open de Mislata 2011 - Grupo C"]
[Site "Mislata ESP"]
[Date "2011.08.18"]
[Round "6.8"]
[White "Ribera Cebolla, Marc"]
[Black "Corrales Ucles, Eduardo"]
[Result "1-0"]
[WhiteElo "1726"]
[BlackElo "1862"]
[PlyCount "66"]
[EventDate "2011.08.15"]
[EventType "swiss"]
[EventRounds "9"]
[EventCountry "ESP"]
[Source "lmi"]
[SourceDate "2011.08.15"]

1. e4 e6 2. d4 d5 3. Bd3 Nf6 4. e5 Nfd7 5. Nf3 Be7 6. O-O c5 7. c3 Nc6 8. Bc2
cxd4 9. cxd4 Nb6 10. a3 Bd7 11. Nc3 a6 12. Kh1 Rc8 13. Ng1 Na7 14. Qg4 g6 15.
Qh3 Nb5 16. Nge2 Nc4 17. a4 Nxc3 18. bxc3 Bg5 19. f4 Be7 20. g4 O-O 21. Qh6 Re8
22. f5 Bf8 23. Qh3 exf5 24. gxf5 Nxe5 25. dxe5 Rxe5 26. Nd4 Bg7 27. Bf4 Re8 28.
Rac1 Qa5 29. Qh4 Qb6 30. fxg6 fxg6 31. Bh6 Rxc3 32. Bxg7 Rh3 33. Qf4 Be6 1-0

[Event "45. Open de Mislata 2011 - Grupo C"]
[Site "Mislata ESP"]
[Date "2011.08.18"]
[Round "6.10"]
[White "Gimenez Sanchis, Jose Antonio"]
[Black "Soriano Folch, Jonathan"]
[Result "1-0"]
[WhiteElo "1652"]
[BlackElo "1844"]
[PlyCount "112"]
[EventDate "2011.08.15"]
[EventType "swiss"]
[EventRounds "9"]
[EventCountry "ESP"]
[Source "lmi"]
[SourceDate "2011.08.15"]

1. d4 d5 2. c4 c6 3. e3 Nf6 4. Nc3 e6 5. Nf3 Bd6 6. Qc2 Nbd7 7. c5 Bc7 8. Bd3
b6 9. b4 e5 10. dxe5 Nxe5 11. Nd4 bxc5 12. bxc5 Nxd3+ 13. Qxd3 Bd7 14. O-O O-O
15. e4 dxe4 16. Nxe4 Nxe4 17. Qxe4 Qf6 18. Be3 Rfe8 19. Qf3 Qg6 20. Rab1 Rab8
21. Rxb8 Rxb8 22. g3 Bh3 23. Nxc6 Qb1 24. Rd1 Rb2 25. Qd5 h6 26. Rc1 Be6 27.
Qf3 Qd3 28. h4 Kh7 29. Nd4 Bxa2 30. Qf5+ Qxf5 31. Nxf5 a5 32. Bd4 Rb1 33. Rxb1
Bxb1 34. Nxg7 a4 35. Ne8 Bd8 36. c6 Bf5 37. c7 Be7 38. Nf6+ Kg6 39. h5+ Kg7 40.
Nd5+ Kf8 41. Nb6 a3 42. c8=Q+ Bxc8 43. Nxc8 Bb4 44. Nb6 f5 45. Nd5 Bd6 46. Nc3
Kf7 47. Na2 Ke6 48. f4 Kd5 49. Bg7 Bc5+ 50. Kg2 Bd4 51. Bxh6 Kc4 52. Bf8 Kb3
53. Bxa3 Kxa3 54. Nc1 Kb4 55. Nd3+ Kc4 56. Ne5+ Kd5 1-0

[Event "45. Open de Mislata 2011 - Grupo C"]
[Site "Mislata ESP"]
[Date "2011.08.19"]
[Round "7.2"]
[White "Lopez Diaz, Rafael"]
[Black "Fuset Torralba, Jose Luis"]
[Result "1-0"]
[WhiteElo "1806"]
[BlackElo "1823"]
[PlyCount "65"]
[EventDate "2011.08.15"]
[EventType "swiss"]
[EventRounds "9"]
[EventCountry "ESP"]
[Source "lmi"]
[SourceDate "2011.08.15"]

1. d4 Nf6 2. Nf3 g6 3. c4 d5 4. Nc3 Bg7 5. e3 c6 6. cxd5 cxd5 7. Bb5+ Bd7 8.
Bd3 O-O 9. O-O Nc6 10. Bd2 Nb4 11. Bb1 Nc6 12. a3 Bf5 13. Bxf5 gxf5 14. Ng5 Bh6
15. h4 Qb8 16. g3 Kg7 17. Kg2 e6 18. b4 a6 19. Ne2 Ne4 20. Nf4 Nxg5 21. hxg5
Bxg5 22. Nh3 Be7 23. Qh5 Rh8 24. e4 h6 25. exf5 Bf6 26. fxe6 fxe6 27. Rae1 Qe8
28. Qg4+ Kf7 29. Nf4 Nxd4 30. Qg6+ Ke7 31. Nxd5+ Kd6 32. Qxf6 Kxd5 33. Qe5+ 1-0